00687nam a2200229 a 450000500170000000800410001704000250005804100080008310000300009124500570012126000610017830000100023965000120024965000180026165000180027965000140029770000300031170000320034170000300037370000360040370000180043920191224041851.0151109b xxu||||| |||| 00| 0 spa d aCO-BoIAVHcCO-BoIAVH aspa aBarajas Villamizar, Leidy aMonografía de YerbamorabSolanum americanum Miller aBogotábFundación Universitaria Juan N. Corpasc2007 a36 p. aPlantas aFitoquímica aToxicología aExtractos aHerreño Mosquera, Nancy aLópez Acero, Oscar Javier aPombo Ospina, Luis Miguel aMejía Piñeros, Antonio Luis aSalama, Ahmed